000
00278nam a2200121Ia 4500
008
190216s9999||||xx |||||||||||||| ||und||
100
_a
Jacob Baker R
245
0
_a
Cmos Mixed Signal Circuit Design
260
_b
Wiley India
300
_a
501
650
_a
Physics
942
_c
BK
999
_c
34163
_d
34163